Guess The Pink Logos - Statistics

General Stats
  • This quiz has been taken 45 times
  • The average score is 3 of 6
Answer Stats
Picture Answer % Correct
Barbie
95%
Baskin Robbins
77%
Breast Cancer Awareness
49%
Food Panda
21%
Vineyard Vines
21%
Deutsche Telekom
19%
No matching quizzes found
Score Distribution
Percent of People with Each Score
Percentile by Number Answered
Your Score History
You have not taken this quiz